000 00497nam a2200169Ia 4500
008 090711s9999 xx 000 0 und d
082 _b55064
100 _aजहागीरदार गजानन
245 _aपाऊलखुणा
260 _c1986
300 _a260
600 _aजहागीरदार गजानन
630 _aपाऊलखुणा
700 _aजहागीरदार गजानन
730 _aपाऊलखुणा
942 _cBOOK
999 _c308247
_d308247